Nietzsche dionisíaco y asceta. Su vida y su ideario.
Guardat en:
| Autor principal: | |
|---|---|
| Format: | Llibre |
| Publicat: |
Santiago, Chile:
Nascimento,
1944.
|
| Matèries: | |
| Etiquetes: |
Afegir etiqueta
Sense etiquetes, Sigues el primer a etiquetar aquest registre!
|
MARC
| LEADER | 00000nam a22000007a 4500 | ||
|---|---|---|---|
| 003 | CL-VaPUC | ||
| 005 | 20230309101959.0 | ||
| 008 | 220801t1944 ||||| |||| 00| 0 eng d | ||
| 999 | |c 437793 |d 437791 | ||
| 040 | |c Pontificia Universidad Católica de Valparaíso | ||
| 082 | 7 | |a 193 MOL 1944 |2 22 | |
| 100 | |a Molina Garmendia, Enrique |9 309095 |e autor | ||
| 245 | |a Nietzsche dionisíaco y asceta. |b Su vida y su ideario. | ||
| 260 | |a Santiago, Chile: |b Nascimento, |c 1944. | ||
| 300 | |a 231 páginas. | ||
| 500 | |a c.1 Donación Familia Prof. Alejandro Guzmán Brito. | ||
| 583 | |c 20220801 |k Catalogador Asistente | ||
| 600 | 0 | |a Nietzsche, Friedrich |q (Friedrich Wilhelm) |d 1844-1900 |9 858277 | |
| 942 | |2 ddc |c BK |n 0 | ||
| 952 | |0 0 |1 0 |2 ddc |4 0 |6 193_000000000000000_MOL_1944 |7 0 |8 C_AGB |9 585609 |a BIBDER |b BIBDER |d 2022-08-01 |e Donación |i 5653673 |o 193 MOL 1944 |p 5653673 |r 2023-01-25 |t 1 |w 2022-08-01 |y BK_US |k AGB | ||